ბათუმის შოთა რუსთაველის სახელმწიფო უნივერსიტეტის ბიბლიოთეკა

რელიგიათმცოდნეობა : (ბიბ.ჩანაწერი № 53973)

000 -ლიდერი
ფიქსირებული სიგრძის საკონტროლო ველი 01131nam a2200253Ia 4500
001 - საკონტროლო ნომერი
საკონტროლო ველი 21024
003 - საკონტროლო ნომრის იდენტიფიკატორი
საკონტროლო ველი GE_BSU
005 - ბოლო ოპერაციის თარიღი და დრო
საკონტროლო ველი 20210707175849.0
008 - ფიქსირებული სიგრძის მონაცემთა ელემენტები - ზოგადი ინფორმაცია
ფიქსირებული სიგრძის საკონტროლო ველი 181216s1999||||ge |||||||||||||| ||geo||
040 ## - კატალოგიზაციის წყარო
Transcribing agency GE_BSU
041 ## - ენის კოდი
Language code of text/sound track or separate title geo
080 ## - უნივერსალური ათობითი კლასიფიკაციის ინდექსი
Universal Decimal Classification number 2-1(075.8) გ-12
100 ## - მთავარი ჩანაწერი - პიროვნების სახელი
Personal name გაბიძაშვილი, ოთარ
9 (RLIN) 3753
245 ## - ცნობა სათაურის შესახებ
Title რელიგიათმცოდნეობა :
Remainder of title დამხმარე სახელმძღვანელო /
Statement of responsibility, etc ოთარ გაბიძაშვილი ; რედ. ბადურ გელაშვილი.
264 ## - წარმოების, გამოცემის, დისტრიბუციის და სხვა ცნობები
გამოცემის, წარმოების, დისტრიბუციის... ადგილი თბილისი :
გამოცემის, წარმოების, დისტრიბუციის... სახელწოდება [?],
გამოცემის, წარმოების, დისტრიბუციის... თარიღი 1999.
300 ## - ფიზიკური აღწერა
Extent 160 გვ. ;
Dimensions 19 სმ.
653 ## - INDEX TERM--UNCONTROLLED
Uncontrolled term რელიგია
653 ## - INDEX TERM--UNCONTROLLED
Uncontrolled term რელიგიათმცოდნეობა
653 ## - INDEX TERM--UNCONTROLLED
Uncontrolled term რელიგიის ისტორიის სახელმძღვანელო
653 ## - INDEX TERM--UNCONTROLLED
Uncontrolled term რელიგიის თეორიის სახელმძღვანელო
700 ## - ADDED ENTRY--PERSONAL NAME
Personal name გელაშვილი, ბადურ
Relator term რედაქტორი
9 (RLIN) 12211
942 ## - ADDED ENTRY ELEMENTS (KOHA)
Koha item type წიგნი
Source of classification or shelving scheme
ეგზემპლარები
ჩამოწერის სტატუსი დაკარგული ეგზემპლარის სტატუსი კლასიფიკაციის წყარო ან თაროზე გაწყობის სქემა დაზიანების სტატუსი არ გაიცემა მუდმივი მდებარეობა (დაცვის ადგილი) ამჟამინდელი ადგილსამყოფელი თაროზე განთავსების ადგილი შეძენის თარიღი ღირებულება, შესყიდვის ნორმალური ფასი სრული შენახვის შიფრი შტრიხკოდი ბოლო ოპერაციის თარიღი ეგზემპლარის მიმდევრობითი ნომერი (კეტერი?) ფასის ძალაში შესვლის თარიღი ეგზემპლარის სახეობა საჯარო შენიშვნა
          ბათუმის შოთა რუსთაველის სახელმწიფო უნივერსიტეტის მთავარი ბიბლიოთეკა ბათუმის შოთა რუსთაველის სახელმწიფო უნივერსიტეტის მთავარი ბიბლიოთეკა წიგნსაცავი 2018-12-17 4.00 2-1(075.8) გ-12 54679 2018-12-17 54679 2018-12-17 წიგნი 4.00 ₾.
          ბათუმის შოთა რუსთაველის სახელმწიფო უნივერსიტეტის მთავარი ბიბლიოთეკა ბათუმის შოთა რუსთაველის სახელმწიფო უნივერსიტეტის მთავარი ბიბლიოთეკა წიგნსაცავი 2021-07-07 8.00 2-1(075.8) გ-12 28721 2021-07-07 28721 2021-07-07 წიგნი 8.00 ₾.